000 00688nam a22001937a 4500
999 _c19461
_d19461
003 AR-CdUCM
008 190517b ||||| |||| 00| 0 spa d
040 _aMUNICIPALIDAD PROVINCIAL DEL CUSCO
_cBIBLIOTECA MUNICIPAL DEL CUSCO
082 _a983.065 /
_bC25
100 _aCannabrava Filho, Paulo
_940797
245 _aChile :
_bAnatomia de un golpe /
260 _aLima :
_bHorizonte,
300 _a118 paginas ;
_c22 cm.
505 _aContenido: La cara encubierta del fascismo -- La nueva diplomacia -- El libro blanco -- El drama de los extranjeros --Tumba de los libres...
650 _aChile
_91150
650 _aLiteratura
_983
942 _2ddc
_cLIBROS
945 _apjha
_d2019-05-17